书目信息 |
| 题名: |
飞行外形计算的数学基础
|
|
| 作者: | 《飞机外形计算的数学基础》编写组 编 | |
| 分册: | ||
| 出版信息: | 北京 国防工业出版社 1978 |
|
| 页数: | 208页 | |
| 开本: | 20cm | |
| 丛书名: | ||
| 单 册: | ||
| 中图分类: | V22 | |
| 科图分类: | ||
| 主题词: | 飞机--构造 , 飞机--设计 | |
| 电子资源: | ||
| ISBN: | ||
| 000 | 00711nam0 2200205 450 | |
| 001 | 0637594269 | |
| 005 | 20060720102854.67 | |
| 010 | @dCNY1.10 | |
| 100 | @a20060720d1978 km y0chiy0120 ea | |
| 101 | 0 | @achi |
| 102 | @aCN@b110000 | |
| 200 | 1 | @a飞行外形计算的数学基础@Afei xing wai xing ji suan de shu xue ji chu@f《飞机外形计算的数学基础》编写组 编@F《fei ji wai xing ji suan de shu xue ji chu》bian xie zu bian |
| 210 | @a北京@c国防工业出版社@d1978 | |
| 215 | @a208页@d20cm | |
| 606 | 0 | @a飞机@x构造 |
| 606 | 0 | @a飞机@x设计 |
| 690 | @aV22@v3 | |
| 701 | 0 | @a《飞机外形计算的数学基础》编写组@A《fei ji wai xing ji suan de shu xue ji chu》bian xie zu@4编 |
| 801 | 0 | @aCN@bPFT@c20060720 |
| 905 | @a10447@dV22@e21 | |
| 飞行外形计算的数学基础/《飞机外形计算的数学基础》编写组 编.-北京:国防工业出版社,1978 |
| 208页;20cm |
| ISBN :CNY1.10 |
| ● |
| 相关链接 |
|
|
|
|
正题名:飞行外形计算的数学基础
索取号:V22/21
 
预约/预借
| 序号 | 登录号 | 条形码 | 馆藏地/架位号 | 状态 | 备注 |
| 1 | 0437808 | 204378084 | 密集书库/ [索取号:V22/21] | 在馆 |